000 00331nam a2200157Ia 4500
100 _aPerry/S
650 _aPhilosophy
942 _cBK
366 _f25
654 _alife
245 _aHow to enrich your life
260 _bBetter Yourself Books
_aBandra
_c1987
082 _a170/PER
_bPER
300 _a122
546 _aENGLISH
999 _c19341
_d19341